000 00497nam a2200181Ia 4500
001 11318
005 20260306162819.0
008 260306t2013||||xx |||||||||||||| ||spa||
041 _aESP
082 _a985.03
_bO664
100 _aO´Phelan Godoy, Scarlett
_eAUT
245 0 _aMestizos reales en el virreinato del Perú:
_bindios nobles, caciques y capitanes de mita
260 _c2013
300 _axv, 295 páginas :
_c23 cm.
650 _aGEN
654 _aCHU
942 _cLIB
_dJUS
_fJUS
_2ddc
_n
999 _c11318
_d11318